Nutrición de tomates bajo invernadero y algunas consideraciones sobre salinidad, alcalinidad y análisis de suelos
Zapisane w:
| 1. autor: | |
|---|---|
| Format: | Książka |
| Język: | hiszpański |
| Wydane: |
Valparaíso
Universidad Católica de Valparaíso
1990
|
| Hasła przedmiotowe: | |
| Etykiety: |
Dodaj etykietę
Nie ma etykietki, Dołącz pierwszą etykiete!
|
MARC
| LEADER | 00000nam a2200000 a 4500 | ||
|---|---|---|---|
| 001 | UCQ3401 | ||
| 003 | CL-VaPUC | ||
| 008 | 980821e19900000CL |||||||||||||||||spa|d | ||
| 082 | 0 | 4 | |a 635.642 |b MEN |2 21 |
| 100 | |a Mendoza Bravo, Humberto |e autor |9 784930 | ||
| 245 | 1 | 0 | |a Nutrición de tomates bajo invernadero y algunas consideraciones sobre salinidad, alcalinidad y análisis de suelos |
| 300 | |a 48 h | ||
| 942 | |c BK | ||
| 945 | |d 19980821 00:00:00 |a aarredon | ||
| 260 | |a Valparaíso |b Universidad Católica de Valparaíso |c 1990 | ||
| 650 | 7 | |a TOMATE |2 CL-VaPUC |9 264158 | |
| 650 | 0 | |a Invernaderos |9 264317 | |
| 650 | 7 | |a SALINIDAD |2 CL-VaPUC |9 263023 | |
| 650 | 0 | |a Suelos |9 260322 | |
| 650 | 0 | |a Cultivo |9 264268 | |
| 650 | 7 | |a FOSFATO |2 CL-VaPUC |9 417510 | |
| 650 | 7 | |a POTASIO |2 CL-VaPUC |9 417511 | |
| 650 | 7 | |a BORO |2 CL-VaPUC |9 359518 | |
| 650 | 7 | |a LYCOPERSICON ESCULENTUM |2 CL-VaPUC |9 264426 | |
| 583 | |a last modification |c 19980821 00:00:00 |k Rodrigo Vera | ||
| 999 | |c 273982 |d 273980 | ||